LEADER 01901nam1 2200469 i 450 001 BVEE014899 005 20170908093201.0 100 $a20100209g15491551||||0itac50 ba 101 | $alat 102 $afr 181 1$6z01$ai $bxxxe 182 1$6z01$an 200 1 $a˜Plutarchi Chaeronei, ... œOpuscula moralia. Quorum catalogum sequentis paginae facie secunda reperies 210 $aLugduni$capud Seb. Gryphium$d1549 215 $a3 v.$d8º 300 $aMarche sui front. dei vol. 1 e 3 (L80432) e in fine del vol. 2 (S214) 300 $aData del vol. 3, 1551 300 $aCors. ; gr. ; rom 300 $aIniziali xil. 463 1$1001BVEE052602$12000 $a\1]$v1 500 10$aMoralia$3BVEE006601$9CFIV005487$914074 620 $dLione$3RLZL001494 700 0$aPlutarchus$3CFIV005487$4070$0439241 712 02$aGryphius, Sébastien$3BVEV017233$4650 790 0$aPloytarchoy$3CFIV259063$zPlutarchus 790 0$aPlutarque$3CFIV259064$zPlutarchus 790 0$aPlutarch$3CFIV259065$zPlutarchus 790 0$aPlutarth$3CFIV259066$zPlutarchus 790 0$aPlutarco$3CFIV259071$zPlutarchus 790 0$aPloutarkhos$3SBNV036198$zPlutarchus 791 02$aGriffio, Sebastiano$3UBOV685829$zGryphius, Sébastien 791 02$aGryphius, Sebastianus$3UBOV685831$zGryphius, Sébastien 791 02$aGrifi, Sebastien$3UBOV685832$zGryphius, Sébastien 801 3$aIT$bIT-NA0079$c20100209 850 $aIT-NA0243 912 $aBVEE014899 921 $aBVEM000416$bGrifone passante, appoggiato su tre zampe, con la sinistra anteriore sollevata$cS214 921 $aBVEM001952$bGrifone che solleva una sfera alata incatenata ad un peso. Motto: Virtute duce, comite fortuna$cL80432 950 1$aCentro Librario e Bibliotecario per la Diffusione della cultura$c1 v.$d 67F. PRESEPEXVI 24 977 $a 67 996 $aMoralia$914074 997 $aUNISANNIO LEADER 01579nam 2200349Ia 450 001 996391191403316 005 20200824124933.0 035 $a(CKB)1000000000658045 035 $a(EEBO)2248523297 035 $a(OCoLC)ocm48551643e 035 $a(OCoLC)48551643 035 $a(EXLCZ)991000000000658045 100 $a20011207d1695 uy 0 101 0 $aeng 135 $aurbn||||a|bb| 200 10$aDirections to our arch-bishops and bishops, for the preserving of unity in the church, and the purity of the Christian faith, concerning the Holy Trinity$b[electronic resource] /$fBy His Majesties special command 210 $aLondon, $cPrinted by Charles Bill, and the Executrix of Thomas Newcomb, deceas'ed ...$d1695 215 $a7 p 300 $a"Given at our court at Kensington the third day of February, 1695, in the seventh year of our reign. By His Majesties Command, Shrewsbury"--P. 7. 300 $aAppears as the 19th of 21 items bound together and identified on film as STC 10036a. 300 $aReproduction of original in the British Library. 330 $aeebo-0018 606 $aTrinity$vEarly works to 1800 615 0$aTrinity 701 $aWilliam$cKing of England,$f1650-1702.$01000870 701 $aShrewsbury$b Charles Talbot$cDuke of,$f1660-1718.$01002290 801 0$bEAE 801 1$bEAE 906 $aBOOK 912 $a996391191403316 996 $aDirections to our arch-bishops and bishops, for the preserving of unity in the church, and the purity of the Christian faith, concerning the Holy Trinity$92366031 997 $aUNISA